Bezirke (Arrondissements) de Berlin sur une carte - Statistiques

Statistiques générales
  • Ce quiz a été pris 156 fois
  • Le résultat moyen est 7 sur 12
Réponses sur la Carte
Les réponses sont colorées sur une échelle allant du rouge au vert en fonction du pourcentage des utilisateurs qui les ont devinées à leur premier essai. Vous pouvez retrouver ces pourcentages ci-dessous.
 
Statistiques - réponses
Arrondissement % Correct
01 Mitte
98%
02 Friedrichshain-Kreuzberg
85%
04 Charlottenbourg-Wilmersdorf
80%
08 Neukölln
71%
03 Pankow
70%
07 Tempelhof-Schöneberg
64%
05 Spandau
59%
06 Steglitz-Zehlendorf
46%
11 Lichtenberg
44%
09 Treptow-Köpenick
42%
10 Marzahn-Hellersdorf
39%
12 Reinickendorf
30%
Aucun quiz correspondant
Distribution des résultats
% des personnes avec chaque résultat
Percentile par nombre de réponses
Votre historique - résultats
Vous n’avez pas pris ce quiz